Environmental geology / 3rd Edition (Record no. 588154)
[ view plain ]
| 000 -LEADER | |
|---|---|
| fixed length control field | 00983pam a2200289 a 4500 |
| 001 - CONTROL NUMBER | |
| control field | 4453021 |
| 003 - CONTROL NUMBER IDENTIFIER | |
| control field | NUST |
| 005 - DATE AND TIME OF LATEST TRANSACTION | |
| control field | 20220223111634.0 |
| 008 - FIXED-LENGTH DATA ELEMENTS--GENERAL INFORMATION | |
| fixed length control field | 950728s1996 nyuab 001 0 eng |
| 010 ## - LIBRARY OF CONGRESS CONTROL NUMBER | |
| LC control number | 95037493 |
| 020 ## - INTERNATIONAL STANDARD BOOK NUMBER | |
| International Standard Book Number | 978-0-07-802296-8 (pbk. : acid free paper) |
| 038 ## - RECORD CONTENT LICENSOR | |
| Staff Name | SOHAIL |
| 040 ## - CATALOGING SOURCE | |
| Original cataloging agency | DLC |
| Transcribing agency | DLC |
| Modifying agency | DLC |
| 050 00 - LIBRARY OF CONGRESS CALL NUMBER | |
| Classification number | QE38 |
| Item number | 2018 |
| 082 00 - DEWEY DECIMAL CLASSIFICATION NUMBER | |
| Classification number | 550 REI |
| Edition number | 20 |
| 100 1# - MAIN ENTRY--PERSONAL NAME | |
| Personal name | James S. Reichard |
| Dates associated with a name | 2018 |
| 9 (RLIN) | 89400 |
| 245 10 - TITLE STATEMENT | |
| Title | Environmental geology / 3rd Edition |
| Statement of responsibility, etc. | James S. Reichard |
| 260 ## - PUBLICATION, DISTRIBUTION, ETC. | |
| Place of publication, distribution, etc. | New York : |
| Name of publisher, distributor, etc. | Mc Graw Hill |
| Date of publication, distribution, etc. | 2018. |
| 300 ## - PHYSICAL DESCRIPTION | |
| Extent | 557 p. : |
| Other physical details | ill. (some col.), col. maps ; |
| Dimensions | 28 cm. |
| 500 ## - GENERAL NOTE | |
| General note | Includes index. |
| 563 ## - BINDING INFORMATION | |
| Binding note | H.B Acid Free Paper |
| 650 #0 - SUBJECT ADDED ENTRY--TOPICAL TERM | |
| Topical term or geographic name entry element | Environmental geology (3rd Ed) |
| 9 (RLIN) | 89401 |
| 700 1# - ADDED ENTRY--PERSONAL NAME | |
| Personal name | James S. Reichard |
| 9 (RLIN) | 89403 |
| 906 ## - LOCAL DATA ELEMENT F, LDF (RLIN) | |
| a | 7 |
| b | cbc |
| c | orignew |
| d | 1 |
| e | ocip |
| f | 19 |
| g | y-gencatlg |
| 942 ## - ADDED ENTRY ELEMENTS (KOHA) | |
| Source of classification or shelving scheme | |
| Koha item type | Book |
| Call number prefix | 550 REI |
| Withdrawn status | Lost status | Source of classification or shelving scheme | Damaged status | Not for loan | Permanent Location | Current Location | Date acquired | Full call number | Barcode | Date last seen | Price effective from | Koha item type |
|---|---|---|---|---|---|---|---|---|---|---|---|---|
| School of Civil and Environmental Engineering (SCEE) | School of Civil and Environmental Engineering (SCEE) | 02/23/2022 | 550 REI | NIT-13639 | 02/23/2022 | 02/23/2022 | Book |
